000 00522nam a2200169 a 4500
001 2094
003 CO-ViMGA
008 141112s2004 ck r 000 u spa d
040 _aCO-ViMGA
_bspa
_cCO-ViMGA
082 0 4 _a519.53 S141
100 1 _aSahai, Hardeo
_950844
245 1 0 _aTablas y fórmulas estadisticas :
_bpara las ciencias biológicas, sociales y físicas /
_cSahai Hardeo , Martinez Wilfredo
260 _aMexico :
_bIberoAméricana,
_c1996
300 _a443 p : il
650 1 4 _aESTADISTICA
942 _2ddc
_cBK
999 _c14237
_d14237